Economics : basic principles, applications and issues / Julia D. Rillo [and three others] (Record no. 8569)

MARC details
000 -LEADER
fixed length control field 00805nam a22002177a 4500
003 - CONTROL NUMBER IDENTIFIER
control field OSt
005 - DATE AND TIME OF LATEST TRANSACTION
control field 20260226054429.0
008 - FIXED-LENGTH DATA ELEMENTS--GENERAL INFORMATION
fixed length control field 260226b |||||||| |||| 00| 0 eng d
020 ## - INTERNATIONAL STANDARD BOOK NUMBER
International Standard Book Number 9710723146
040 ## - CATALOGING SOURCE
Original cataloging agency DWCL-Main Lib
Transcribing agency OC
082 ## - DEWEY DECIMAL CLASSIFICATION NUMBER
Edition number Updated edition.
Classification number Fil. 330 Ec17 2008
100 ## - MAIN ENTRY--PERSONAL NAME
Personal name Rillo, Julia D. ...[et.al.]
245 ## - TITLE STATEMENT
Title Economics : basic principles, applications and issues / Julia D. Rillo [and three others]
260 ## - PUBLICATION, DISTRIBUTION, ETC.
Place of publication, distribution, etc. Quezon City, Philippines :
Name of publisher, distributor, etc. Vibal Publishing House,
Date of publication, distribution, etc. c2008.
300 ## - PHYSICAL DESCRIPTION
Extent 313 pages :
Other physical details illustrations ;
Dimensions 26 cm.
490 ## - SERIES STATEMENT
Series statement VP CHP series.
504 ## - BIBLIOGRAPHY, ETC. NOTE
Bibliography, etc. note 1. Includes bibliographical references and glossary.
650 ## - SUBJECT ADDED ENTRY--TOPICAL TERM
Topical term or geographic name entry element Economics - Philippines.
650 ## - SUBJECT ADDED ENTRY--TOPICAL TERM
Topical term or geographic name entry element Economics - Study and teaching (Secondary).
942 ## - ADDED ENTRY ELEMENTS (KOHA)
Source of classification or shelving scheme Dewey Decimal Classification
Koha item type Book-Filipiniana
Edition Updated edition.
Call number suffix Fil.
Suppress in OPAC No
952 ## - LOCATION AND ITEM INFORMATION (KOHA)
--
Holdings
Withdrawn status Lost status Source of classification or shelving scheme Damaged status Not for loan Home library Current library Shelving location Date acquired Source of acquisition Total Checkouts Full call number Barcode Date last seen Copy number Price effective from Koha item type Uniform Resource Identifier
    Dewey Decimal Classification     Junior High School Library Junior High School Library Filipiniana 06/01/2010 Donation   Fil. 330 Ec17 2008 JHS - 15606 02/26/2026 c1 02/26/2026 BK-FIL